Gyorsmérleg a fesztiválról Ülésezett az intézőbizottság /
Elmentve itt :
| Szerző: | |
|---|---|
| Dokumentumtípus: | Cikk |
| Megjelent: |
1984-08-18
|
| Sorozat: | Délmagyarország
74 No. 194 |
| Kulcsszavak: | Szabadtéri Játékok |
| Online Access: | http://dmarchiv.bibl.u-szeged.hu/123415 |
| LEADER | 00503nab a2200157 i 4500 | ||
|---|---|---|---|
| 001 | delm123415 | ||
| 005 | 20190904091225.0 | ||
| 008 | 190904s1984 hu o 0|| hun d | ||
| 040 | |a SZTE Délmagyarország Archívum |b hun | ||
| 041 | |a hun | ||
| 100 | 1 | |a Nikolényi István | |
| 245 | 1 | 0 | |a Gyorsmérleg a fesztiválról |h [elektronikus dokumentum] : |b Ülésezett az intézőbizottság / |c Nikolényi István |
| 260 | |c 1984-08-18 | ||
| 300 | |a 5 | ||
| 490 | 0 | |a Délmagyarország |v 74 No. 194 | |
| 695 | |a Szabadtéri Játékok | ||